Statistics for Largest Land Animals of Africa

Click here to take the quiz!

General Stats

  • This quiz has been taken 10,122 times
    (10,014 since last reset)
  • The average score is 12 of 24

Answer Stats

FamilyCategoryAnimal% Correct
ElephantidaeGenusAfrican Elephant
96%
FelidaeSpeciesLion
94%
GiraffidaeGenusGiraffe
82%
RhinocerotidaeFamilyRhinoceros
77%
BovidaeGeneric TermAntelope (includes
Wildebeest)
75%
FelidaeSpeciesCheetah
75%
EquidaeSubgenusZebra
74%
HominidaeGenusGorilla
69%
FelidaeSpeciesLeopard
69%
BovidaeSpeciesAfrican Buffalo
60%
HominidaeSpeciesChimpanzee
59%
HyaenidaeFamilyHyena
52%
BovidaeSpeciesCattle
43%
StruthionidaeSpeciesOstrich
42%
CamelidaeSpeciesDromedary Camel
30%
HominidaeSpeciesBonobo
29%
SuidaeFamilyPig
28%
CervidaeSpeciesBarbary Stag
25%
GiraffidaeSpeciesOkapi
22%
EquidaeSpeciesAfrican Wild Ass
19%
TestudinidaeSpeciesAldabra Giant Tortoise
17%
PythonidaeSpeciesAfrican Rock Python
16%
BovidaeSpeciesBarbary Sheep
16%
OrycteropodidaeSpeciesAardvark
11%

Score Distribution

Percentile by Number Answered

Percent of People with Each Score

Your Score History

You have not taken this quiz since the last reset